000
00271nam a22001337a 4500
003
SGT
082
_a
370
_b
S16S
100
_a
SHARMA, V.S.
245
_a
SPECIAL EDUCATION
260
_a
NEW DELHI
_b
APH PUB
_c
2016
300
_a
171
650
_a
EDUCATION
942
_2
ddc
_c
BK
999
_c
12700
_d
12700